[Event "RUS-ch blitz"]
[Site "Sochi"]
[Date "2016.10.04"]
[Round "3.20"]
[White "Belov, Igor"]
[Black "Chigaev, Maksim"]
[Result "0-1"]
[WhiteElo "2390"]
[BlackElo "2551"]
[PlyCount "47"]
[EventDate "2016.10.04"]
[EventType "swiss (blitz)"]
[EventRounds "22"]
[EventCountry "RUS"]
[SourceTitle "EXT 2017"]
[Source "ChessBase"]
[SourceDate "2016.10.25"]
[SourceVersion "1"]
[SourceVersionDate "2016.10.25"]
[SourceQuality "1"]

1. Nf3 Nf6 2. c4 g6 3. Nc3 Bg7 4. e4 d6 5. d4 0-0 6. Be2 Nbd7 7. Be3 e5 8. d5 Ng4 9. Bd2 Bh6 10. h3 Bxd2+ 11. Qxd2 Ngf6 12. 0-0 Nc5 13. Qc2 a5 14. Ne1 Bd7 15. Nf3 Nh5 16. Rfe1 Nf4 17. Bf1 f5 18. Kh2 Qf6 19. Nd2 Qg5 20. Re3 Kh8 21. Rae1 Qh6 22. exf5 gxf5 23. g3 Ng6 24. Bg2 0-1

[Event "RUS-ch blitz"]
[Site "Sochi"]
[Date "2016.10.04"]
[Round "4.20"]
[White "Chigaev, Maksim"]
[Black "Belov, Igor"]
[Result "1-0"]
[WhiteElo "2551"]
[BlackElo "2390"]
[PlyCount "69"]
[EventDate "2016.10.04"]
[EventType "swiss (blitz)"]
[EventRounds "22"]
[EventCountry "RUS"]
[SourceTitle "EXT 2017"]
[Source "ChessBase"]
[SourceDate "2016.10.25"]
[SourceVersion "1"]
[SourceVersionDate "2016.10.25"]
[SourceQuality "1"]

1. Nf3 d6 2. e4 Nf6 3. Nc3 e5 4. d4 Nbd7 5. Rg1 Be7 6. g4 0-0 7. h3 c6 8. a4 exd4 9. Nxd4 Nc5 10. Bg2 d5 11. exd5 Nxd5 12. Nxd5 cxd5 13. Be3 Re8 14. Qd2 Ne4 15. Bxe4 dxe4 16. 0-0-0 Qd5 17. Nf5 Qxd2+ 18. Rxd2 Bxf5 19. gxf5 Bf6 20. Rd5 b6 21. c3 Re7 22. Kc2 Rc8 23. a5 bxa5 24. Rxa5 Rcc7 25. Rga1 h5 26. Rxa7 Rxa7 27. Rxa7 Re5 28. Ra4 Rxf5 29. Rxe4 Rf3 30. b4 Rxh3 31. b5 Rh4 32. Re8+ Kh7 33. b6 Rc4 34. b7 Rxc3+ 35. Kd2 1-0

[Event "RUS-ch rapid"]
[Site "Sochi"]
[Date "2016.10.03"]
[Round "8"]
[White "Belov, Igor"]
[Black "Bocharov, Dmitry"]
[Result "1-0"]
[WhiteElo "2390"]
[BlackElo "2611"]
[PlyCount "51"]
[EventDate "2016.10.02"]
[EventType "swiss (rapid)"]
[EventRounds "10"]
[EventCountry "RUS"]
[SourceTitle "CBM 174 Extra"]
[Source "ChessBase"]
[SourceDate "2016.10.10"]
[SourceVersion "1"]
[SourceVersionDate "2016.10.10"]
[SourceQuality "1"]

1. Nf3 c5 2. c4 Nc6 3. Nc3 Nf6 4. e3 g6 5. d4 Bg7 6. d5 Na5 7. e4 d6 8. h3 0-0 9. Be2 e5 10. g4 Kh8 11. Be3 Ng8 12. Rg1 f5 13. gxf5 gxf5 14. exf5 Bxf5 15. Ng5 Nf6 16. Qd2 Qe7 17. 0-0-0 a6 18. Ne6 Rg8 19. Nxg7 Rxg7 20. Rxg7 Qxg7 21. f4 e4 22. Rg1 Qh6 23. Nd1 b6 24. Qc3 Rf8 25. Rg5 Bxh3 26. Rh5 1-0

[Event "RUS-ch rapid"]
[Site "Sochi"]
[Date "2016.10.03"]
[Round "9"]
[White "Shaposhnikov, Evgeny"]
[Black "Belov, Igor"]
[Result "1-0"]
[WhiteElo "2557"]
[BlackElo "2390"]
[PlyCount "59"]
[EventDate "2016.10.02"]
[EventType "swiss (rapid)"]
[EventRounds "10"]
[EventCountry "RUS"]
[SourceTitle "CBM 174 Extra"]
[Source "ChessBase"]
[SourceDate "2016.10.10"]
[SourceVersion "1"]
[SourceVersionDate "2016.10.10"]
[SourceQuality "1"]

1. e4 d6 2. d4 Nf6 3. Nc3 e5 4. Nf3 Nbd7 5. Bc4 Be7 6. 0-0 0-0 7. Qe2 c6 8. Rd1 Qc7 9. a4 a5 10. Ba2 Re8 11. Qc4 Rf8 12. Be3 exd4 13. Nxd4 Ne5 14. Qe2 Re8 15. h3 Bf8 16. Bg5 Qb6 17. Bb3 Bd7 18. Be3 Qc7 19. Re1 Rad8 20. Rad1 Bc8 21. f3 Ng6 22. Qf2 d5 23. exd5 Bd6 24. Nde2 Bh2+ 25. Kh1 Nh5 26. Bb6 Ng3+ 27. Kxh2 Nf1+ 28. Kg1 Qh2+ 29. Kxf1 Bxh3 30. Qg3 1-0

[Event "Varna op 7th"]
[Site "Varna"]
[Date "2013.06.23"]
[Round "5"]
[White "Belov, Igor"]
[Black "Mareco, Sandro"]
[Result "0-1"]
[WhiteElo "2418"]
[BlackElo "2557"]
[PlyCount "90"]
[EventDate "2013.06.19"]
[EventType "swiss"]
[EventRounds "9"]
[EventCountry "BUL"]
[SourceTitle "CBM 155 Extra"]
[Source "ChessBase"]
[SourceDate "2013.08.26"]
[SourceVersion "1"]
[SourceVersionDate "2013.08.26"]
[SourceQuality "1"]

1. Nf3 Nf6 2. c4 e6 3. d4 b6 4. e3 Bb7 5. Bd3 d5 6. cxd5 exd5 7. Nc3 Bd6 8. 0-0 0-0 9. b3 a6 10. Bb2 Nbd7 11. Ne2 Re8 12. Ng3 Ne4 13. Nf5 Bf8 14. Ne5 Nxe5 15. dxe5 g6 16. Ng3 Bg7 17. f4 Nc5 18. Bc2 a5 19. a3 Qe7 20. Rf2 b5 21. Rc1 b4 22. Bb1 Na6 23. a4 Red8 24. Qg4 Bc8 25. Qf3 c5 26. e4 c4 27. bxc4 dxc4 28. Rxc4 Nc5 29. Rfc2 Nxa4 30. Rc7 Bd7 31. Bd4 Rac8 32. Qe3 Rxc7 33. Rxc7 Rc8 34. Ra7 Nc3 35. Bxc3 bxc3 36. Qd4 Qb4 37. Qxd7 Qxb1+ 38. Nf1 Qb6+ 39. Kh1 Rf8 40. Rc7 Qf2 41. Qd3 Qxf4 42. Rxc3 Bxe5 43. Ra3 Rc8 44. Kg1 Rc1 45. g3 Bd4+ 0-1

[Event "Oberliga Nord W 1213"]
[Site "Germany"]
[Date "2012.10.14"]
[Round "1.6"]
[White "Belov, Igor"]
[Black "Kollars, Dmitrij"]
[Result "1-0"]
[WhiteElo "2051"]
[BlackElo "1996"]
[PlyCount "93"]
[EventDate "2012.10.14"]
[EventType "team-tourn"]
[EventRounds "9"]
[EventCountry "GER"]
[SourceTitle "EXT 2014"]
[Source "ChessBase"]
[SourceDate "2013.11.20"]
[SourceVersion "1"]
[SourceVersionDate "2013.11.20"]
[SourceQuality "1"]
[WhiteTeam "Hameln"]
[BlackTeam "Delmenhorst"]
[WhiteTeamCountry "GER"]
[BlackTeamCountry "GER"]

1. c4 Nf6 2. Nc3 g6 3. e4 d6 4. g3 Bg7 5. Bg2 0-0 6. Nge2 c5 7. 0-0 Nc6 8. h3 Ne8 9. d3 Nc7 10. Rb1 Rb8 11. Kh2 a6 12. b3 Ne6 13. f4 Ned4 14. Nxd4 Nxd4 15. Ne2 f5 16. Nxd4 Bxd4 17. Qd2 b5 18. Bb2 e5 19. Bxd4 cxd4 20. exf5 Bxf5 21. Bd5+ Kh8 22. fxe5 dxe5 23. g4 Bd7 24. Rxf8+ Qxf8 25. Kg2 Qd6 26. Rf1 Bc6 27. Bxc6 Qxc6+ 28. Kg1 bxc4 29. bxc4 Qd6 30. Qh2 a5 31. Re1 Re8 32. Qg3 Qc5 33. Qf3 Kg7 34. Qb7+ Re7 35. Qa8 Qb4 36. Rf1 Rf7 37. Rxf7+ Kxf7 38. Qd5+ Kf6 39. Qf3+ Ke7 40. Qe2 Ke6 41. Kh2 Qb1 42. g5 Qc1 43. Qg4+ Kd6 44. Qg2 Qf4+ 45. Kh1 e4 46. Qb2 exd3 47. Qb8+ 1-0

[Event "Moscow-chT"]
[Site "Moscow"]
[Date "2012.10.06"]
[Round "6.3"]
[White "Belov, Igor"]
[Black "Severina, Maria"]
[Result "1-0"]
[WhiteElo "2430"]
[BlackElo "2173"]
[PlyCount "83"]
[EventDate "2012.09.23"]
[EventType "team-tourn"]
[EventRounds "7"]
[EventCountry "RUS"]
[SourceTitle "CBM 150 Extra"]
[Source "ChessBase"]
[SourceDate "2012.10.19"]
[SourceVersion "1"]
[SourceVersionDate "2012.10.19"]
[SourceQuality "1"]
[WhiteTeam "October DC MIFI"]
[BlackTeam "Moscow Youth"]
[WhiteTeamCountry "RUS"]
[BlackTeamCountry "RUS"]

1. Nf3 d5 2. d4 c5 3. c4 e6 4. e3 Nf6 5. Nc3 Nc6 6. a3 a6 7. dxc5 Bxc5 8. b4 Ba7 9. Bb2 0-0 10. Qc2 Qe7 11. Rd1 dxc4 12. Bxc4 b5 13. Bd3 Bb7 14. Ne4 Nd7 15. Neg5 f5 16. Qb3 Nd8 17. Bb1 Nb6 18. h4 Bd5 19. Rxd5 Nxd5 20. e4 Nb6 21. Ne5 Kh8 22. 0-0 f4 23. Qf3 Qe8 24. h5 Nc4 25. Nxc4 bxc4 26. h6 e5 27. hxg7+ Kxg7 28. Qg4 Kh8 29. Qh4 h5 30. Rd1 Kg7 31. Nf3 Nf7 32. Nxe5 Nxe5 33. Qg5+ Kh7 34. Bxe5 Qg6 35. Rd7+ Rf7 36. Rxf7+ Qxf7 37. Bxf4 Rf8 38. e5+ Kh8 39. g3 c3 40. e6 Bxf2+ 41. Kxf2 Qg7 42. e7 1-0

[Event "Oberliga Nord W 1112"]
[Site "Germany"]
[Date "2012.02.26"]
[Round "7.5"]
[White "Belov, Igor"]
[Black "Kollen, Zyon"]
[Result "0-1"]
[WhiteElo "2085"]
[BlackElo "2118"]
[PlyCount "120"]
[EventDate "2011.10.02"]
[EventType "team-tourn"]
[EventRounds "9"]
[EventCountry "GER"]
[SourceTitle "EXT 2013"]
[Source "ChessBase"]
[SourceDate "2012.11.22"]
[SourceVersion "1"]
[SourceVersionDate "2012.11.22"]
[SourceQuality "1"]
[WhiteTeam "Hameln"]
[BlackTeam "Nordhorn Blanke"]
[WhiteTeamCountry "GER"]
[BlackTeamCountry "GER"]

1. c4 Nf6 2. Nc3 g6 3. e4 d6 4. g3 Bg7 5. Bg2 c5 6. Nge2 0-0 7. 0-0 Nc6 8. d3 Rb8 9. h3 Ne8 10. Be3 Nc7 11. Qd2 b5 12. Rab1 bxc4 13. dxc4 Ne6 14. b3 Ned4 15. Bh6 Bxh3 16. Nxd4 Nxd4 17. Bxg7 Kxg7 18. Ne2 Nxe2+ 19. Qxe2 Qd7 20. f3 f6 21. Kh2 Bxg2 22. Kxg2 h5 23. Rbd1 Rbd8 24. Rd3 Rh8 25. f4 Qg4 26. Rf2 Kf7 27. Qd1 Qxd1 28. Rxd1 e6 29. Rfd2 Ke7 30. Kh3 h4 31. g4 g5 32. f5 Rd7 33. Rf1 a5 34. Rdf2 Rf8 35. Rd1 Rb7 36. Rd3 a4 37. Rfd2 Rb6 38. bxa4 Ra8 39. Rb3 Rb4 40. Rbd3 Ra6 41. Rc3 Rbxa4 42. Rb3 Rb4 43. Rc3 Raa4 44. Rcd3 Rb6 45. Rb3 Rxb3+ 46. axb3 Ra3 47. Rd3 Ra2 48. Rd1 Rb2 49. Ra1 Rxb3+ 50. Kh2 exf5 51. exf5 Rb4 52. Ra7+ Ke8 53. Ra8+ Kd7 54. Ra7+ Kc6 55. Ra6+ Kc7 56. Ra7+ Kb6 57. Rf7 Rxc4 58. Rxf6 Kc6 59. Rf8 Rxg4 60. f6 Kd7 0-1

[Event "Moscow 07"]
[Site "Moscow"]
[Date "2009.07.24"]
[Round "11"]
[White "Belov, Igor"]
[Black "Arustamian, Artur"]
[Result "1/2-1/2"]
[WhiteElo "2428"]
[BlackElo "2388"]
[PlyCount "35"]
[EventDate "2009.07.13"]
[EventType "tourn"]
[EventRounds "11"]
[EventCountry "RUS"]
[EventCategory "7"]
[SourceTitle "CBM 131 Extra"]
[Source "ChessBase"]
[SourceDate "2009.09.03"]
[SourceVersion "2"]
[SourceVersionDate "2009.09.16"]
[SourceQuality "1"]

1. Nf3 Nf6 2. c4 e6 3. g3 b6 4. Bg2 Bb7 5. 0-0 c5 6. Nc3 Be7 7. d4 cxd4 8. Nxd4 Qc8 9. Bxb7 Qxb7 10. b3 a6 11. Bb2 Nc6 12. Nxc6 Qxc6 13. Qd3 h5 14. h3 h4 15. g4 0-0 16. Rfd1 Rad8 17. Rac1 Rfe8 18. Na4 1/2-1/2

[Event "Moscow 07"]
[Site "Moscow"]
[Date "2009.07.22"]
[Round "9"]
[White "Nagibin, George"]
[Black "Belov, Igor"]
[Result "1/2-1/2"]
[WhiteElo "2392"]
[BlackElo "2428"]
[PlyCount "22"]
[EventDate "2009.07.13"]
[EventType "tourn"]
[EventRounds "11"]
[EventCountry "RUS"]
[EventCategory "7"]
[SourceTitle "CBM 131 Extra"]
[Source "ChessBase"]
[SourceDate "2009.09.03"]
[SourceVersion "2"]
[SourceVersionDate "2009.09.16"]
[SourceQuality "1"]

1. e4 e5 2. Nf3 Nf6 3. Nc3 Nc6 4. Bb5 Nd4 5. Bc4 Nxf3+ 6. Qxf3 d6 7. d3 Be6 8. Bb3 Be7 9. h3 Qd7 10. Be3 0-0 11. 0-0 a5 1/2-1/2

[Event "Moscow 07"]
[Site "Moscow"]
[Date "2009.07.21"]
[Round "8"]
[White "Belov, Igor"]
[Black "Kurumanov, Petr A"]
[Result "1-0"]
[WhiteElo "2428"]
[BlackElo "2249"]
[PlyCount "77"]
[EventDate "2009.07.13"]
[EventType "tourn"]
[EventRounds "11"]
[EventCountry "RUS"]
[EventCategory "7"]
[SourceTitle "CBM 131 Extra"]
[Source "ChessBase"]
[SourceDate "2009.09.03"]
[SourceVersion "2"]
[SourceVersionDate "2009.09.16"]
[SourceQuality "1"]

1. d4 Nf6 2. c4 e6 3. Nc3 d5 4. cxd5 exd5 5. Bg5 Be7 6. Qc2 c6 7. e3 0-0 8. Bd3 Nbd7 9. Nf3 Re8 10. 0-0 h6 11. Bh4 Ne4 12. Bxe7 Qxe7 13. b4 a6 14. a4 Ng5 15. Nxg5 Qxg5 16. b5 axb5 17. axb5 Rxa1 18. Rxa1 Nf6 19. bxc6 bxc6 20. Na4 Bd7 21. Nc5 Rd8 22. Ra7 Be8 23. h3 g6 24. Qb1 h5 25. Qb7 h4 26. Qe7 Nh7 27. Qxg5 Nxg5 28. Rc7 Ne6 29. Nxe6 fxe6 30. Ba6 Kf8 31. Bb7 Rd7 32. Rxd7 Bxd7 33. f4 Kf7 34. Kf2 g5 35. Kf3 gxf4 36. Kxf4 Kf6 37. Ba6 Be8 38. Bc8 Ke7 39. Kg5 1-0

[Event "Albena op"]
[Site "Albena"]
[Date "2009.06.25"]
[Round "6"]
[White "Belov, Igor"]
[Black "Berbatov, Kiprian"]
[Result "1/2-1/2"]
[WhiteElo "2443"]
[BlackElo "2393"]
[PlyCount "74"]
[EventDate "2009.06.20"]
[EventType "swiss"]
[EventRounds "9"]
[EventCountry "BUL"]
[SourceTitle "CBM 130 Extra"]
[Source "ChessBase"]
[SourceDate "2009.07.02"]
[SourceVersion "2"]
[SourceVersionDate "2009.07.15"]
[SourceQuality "1"]

1. Nf3 Nf6 2. c4 g6 3. Nc3 Bg7 4. e4 d6 5. d4 0-0 6. Be2 e5 7. d5 a5 8. Bg5 h6 9. Bh4 Na6 10. Nd2 Qe8 11. a3 Bd7 12. 0-0 a4 13. Nb5 Bxb5 14. cxb5 Nc5 15. f3 Nfd7 16. b4 axb3 17. Nxb3 f5 18. Nxc5 Nxc5 19. Bd3 fxe4 20. fxe4 Rf4 21. Bg3 Nxe4 22. Bxf4 exf4 23. Rxf4 Nc5 24. Rf3 Bxa1 25. Qxa1 Nxd3 26. Rxd3 Qxb5 27. Rg3 Kh7 28. Rc3 Qb6+ 29. Kh1 Rf8 30. Qc1 Rf7 31. h3 Qa5 32. Rd3 Qb5 33. Qd1 Qc5 34. Qe2 Qc1+ 35. Kh2 Qf4+ 36. Kg1 Qc1+ 37. Kh2 h5 1/2-1/2

[Event "Moscow Region Spring"]
[Site "Serpukhov"]
[Date "2009.05.04"]
[Round "7"]
[White "Belov, Igor"]
[Black "Belous, Vladimir"]
[Result "1-0"]
[WhiteElo "2443"]
[BlackElo "2414"]
[PlyCount "87"]
[EventDate "2009.05.01"]
[EventType "tourn"]
[EventRounds "15"]
[EventCountry "RUS"]
[EventCategory "7"]
[SourceTitle "EXT 2010"]
[Source "ChessBase"]
[SourceDate "2010.11.25"]
[SourceVersion "1"]
[SourceVersionDate "2010.11.25"]
[SourceQuality "1"]

1. Nf3 Nf6 2. c4 g6 3. Nc3 Bg7 4. e4 d6 5. d4 0-0 6. Be2 e5 7. d5 Nbd7 8. Be3 Ng4 9. Bd2 a5 10. h3 Ngf6 11. Bg5 Nc5 12. Nd2 Bd7 13. b3 c6 14. a3 Qb6 15. Rb1 cxd5 16. cxd5 Rfc8 17. 0-0 Qd8 18. a4 h6 19. Be3 Ne8 20. Rc1 Kh7 21. Bb5 Bf6 22. Bxc5 Rxc5 23. Bxd7 Qxd7 24. Nc4 Qd8 25. Nb5 Be7 26. Qd3 Nc7 27. f4 Nxb5 28. axb5 exf4 29. Rxf4 f6 30. b6 Qd7 31. Ra1 Qb5 32. Ra4 Ra6 33. Rf3 Kg7 34. Kh2 Qd7 35. Rg3 Qe8 36. Qf3 Rb5 37. Qd1 Rb4 38. Qa1 Qb5 39. Qa2 Kf7 40. Qc2 g5 41. Rf3 Kg7 42. Ne3 Qc5 43. Nf5+ Kf7 44. Rc3 1-0

[Event "Moscow Region Spring"]
[Site "Serpukhov"]
[Date "2009.05.04"]
[Round "4"]
[White "Lomako, Pavel"]
[Black "Belov, Igor"]
[Result "1-0"]
[WhiteElo "2417"]
[BlackElo "2443"]
[PlyCount "63"]
[EventDate "2009.05.01"]
[EventType "tourn"]
[EventRounds "15"]
[EventCountry "RUS"]
[EventCategory "7"]
[SourceTitle "EXT 2010"]
[Source "ChessBase"]
[SourceDate "2010.11.25"]
[SourceVersion "1"]
[SourceVersionDate "2010.11.25"]
[SourceQuality "1"]

1. d4 Nf6 2. Nf3 g6 3. g3 Bg7 4. Bg2 0-0 5. 0-0 d5 6. c3 c6 7. Bf4 Bf5 8. Nbd2 Nbd7 9. Qb3 Qb6 10. Ne5 Nxe5 11. Bxe5 Rfe8 12. c4 dxc4 13. Nxc4 Qa6 14. Rfc1 Be6 15. e3 Nd7 16. Bxg7 Kxg7 17. Bf1 Nb6 18. d5 Nxd5 19. Nd6 Qb6 20. Nxe8+ Rxe8 21. Bc4 Bh3 22. Bxd5 cxd5 23. Qxb6 axb6 24. Rc7 e5 25. f3 e4 26. fxe4 Rxe4 27. Kf2 d4 28. exd4 Rxd4 29. Re1 Rd6 30. Rxb7 Bg4 31. Ke3 h5 32. Kf4 1-0

[Event "Moscow Region Spring"]
[Site "Serpukhov"]
[Date "2009.05.04"]
[Round "6"]
[White "Nechaeva, Marina"]
[Black "Belov, Igor"]
[Result "0-1"]
[WhiteElo "2226"]
[BlackElo "2443"]
[PlyCount "94"]
[EventDate "2009.05.01"]
[EventType "tourn"]
[EventRounds "15"]
[EventCountry "RUS"]
[EventCategory "7"]
[SourceTitle "EXT 2010"]
[Source "ChessBase"]
[SourceDate "2010.11.25"]
[SourceVersion "1"]
[SourceVersionDate "2010.11.25"]
[SourceQuality "1"]

1. d4 Nf6 2. c4 g6 3. Nf3 Bg7 4. g3 0-0 5. Bg2 d5 6. cxd5 Nxd5 7. 0-0 Nb6 8. Nc3 Nc6 9. e3 Re8 10. d5 Na5 11. Nd4 Bd7 12. e4 c6 13. Bf4 cxd5 14. exd5 Rc8 15. Rc1 Nac4 16. b3 Nd6 17. Qd2 Nf5 18. Ncb5 Bxb5 19. Nxb5 Rxc1 20. Rxc1 Nc8 21. Bh3 Ncd6 22. Nxd6 Nxd6 23. Be3 Ne4 24. Qb4 Qxd5 25. Bg2 f5 26. Bxa7 Bf6 27. a4 Rd8 28. Bxe4 fxe4 29. Qc4 e6 30. Be3 Rd7 31. b4 Bb2 32. Qxd5 exd5 33. Rc8+ Kf7 34. Bf4 d4 35. Rc7 Ke6 36. Rxd7 Kxd7 37. f3 exf3 38. Kf2 Kc6 39. Kxf3 Kd5 40. b5 Bc3 41. g4 Kc4 42. b6 Ba5 43. Bc7 Kc3 44. h3 Kc2 45. Ke4 d3 46. Bf4 d2 47. Bxd2 Kxd2 0-1

[Event "RUS-chT2 16th"]
[Site "Dagomys"]
[Date "2009.04.03"]
[Round "2"]
[White "Belov, Igor"]
[Black "Chernobay, Artem"]
[Result "1-0"]
[WhiteElo "2443"]
[BlackElo "2398"]
[PlyCount "143"]
[EventDate "2009.04.02"]
[EventType "team-tourn"]
[EventRounds "9"]
[EventCountry "RUS"]
[SourceTitle "CBM 129 Extra"]
[Source "ChessBase"]
[SourceDate "2009.05.05"]
[SourceVersion "2"]
[SourceVersionDate "2009.05.20"]
[SourceQuality "1"]

1. Nf3 d6 2. d4 Nf6 3. c4 g6 4. Nc3 Bg7 5. e4 0-0 6. Be2 e5 7. d5 a5 8. Bg5 h6 9. Bh4 Na6 10. Nd2 Bd7 11. b3 Qe8 12. 0-0 Nh7 13. a3 h5 14. f3 Bf6 15. Bf2 h4 16. Rb1 Bg5 17. b4 axb4 18. axb4 Qe7 19. Kh1 Nf6 20. Qc2 Kg7 21. Rfd1 Rh8 22. Nf1 b6 23. Bd3 Nh5 24. Ne2 Qf6 25. Ng1 Bf4 26. h3 Qg5 27. Be1 Ng3+ 28. Nxg3 hxg3 29. Ra1 Be3 30. Bf1 Bd4 31. Rxd4 Nxb4 32. Qc1 Qxc1 33. Rxc1 exd4 34. Bxb4 Ra4 35. Rb1 Rha8 36. Ne2 Ra1 37. Rxa1 Rxa1 38. Nxg3 Rb1 39. Bd2 Rd1 40. Bb4 Rb1 41. Bd2 Rd1 42. Bb4 b5 43. cxb5 d3 44. Kh2 Bxb5 45. Kg1 Kg8 46. Kf2 d2 47. Bxb5 Rf1+ 48. Nxf1 d1Q 49. Bd2 Qb3 50. Be2 f5 51. Be3 Qc3 52. exf5 gxf5 53. Ng3 Qe5 54. Nh5 Kf7 55. Nf4 Qc3 56. g4 Qh8 57. Bd3 Qh4+ 58. Ke2 fxg4 59. fxg4 Qf6 60. Kf3 Kg8 61. Bf2 Qa1 62. h4 Qh1+ 63. Kg3 c5 64. dxc6 Qxc6 65. g5 d5 66. h5 Qc3 67. h6 Qe5 68. Kg4 Qb2 69. Bc5 d4 70. Be7 Qb6 71. Bc4+ Kh7 72. g6+ 1-0